000 00350 a2200157 4500
001 61155
020 _a
040 _cAnchieta - Pituba
100 _aJunior,Abdala Benjamin
240 1 0 _aO Romance social brasileiro
_lpor
245 1 0 _aO Romance social brasileiro
300 _a
362 0 _a0
650 4 _aLiteratura brasileira
942 _cBK
999 _c61155
_d61155